000 00442nam a2200181Ia 4500
001 8429
005 20260306160608.0
008 260306t2017||||xx |||||||||||||| ||spa||
041 _aESP
082 _a371
_bM84
100 _aMonarca, Héctor
_eAUT
245 0 _aLa profesionalización docente:
_bdebates y propuestas
260 _c2017
300 _a146 páginas :
_c23 cm.
650 _aGEN
654 _aCED
942 _cLIB
_dJUS
_fJUS
_2ddc
_n
999 _c8429
_d8429